| 000 | 00555nam a2200205 a 4500 | ||
|---|---|---|---|
| 005 | 20220902233033.0 | ||
| 008 | 010731s1999 r 000 0 eng d | ||
| 020 | _a970183867X | ||
| 035 | _aUPN01000110306 | ||
| 049 | _aCG | ||
| 050 | 4 |
_aPQ8097 H8 _bA4.74 |
|
| 100 | 1 |
_aHuidobro, Vicente, _d1893-1948 |
|
| 245 | 1 | 0 |
_aAltazoro ; Temblor de cielo / _cVicente Huidobro. |
| 260 |
_aMéxico : _bCNCA, _c1999. |
||
| 300 | _a137 p. | ||
| 440 | 0 |
_aClásicos para hoy ; _v41 |
|
| 650 | 0 |
_aPoesía chilena _91228 |
|
| 740 | 1 | _aTemblor de cielo | |
| 905 | _aLibro | ||
| 999 |
_c84215 _d84215 |
||